Nghề cổ nước Việt

Bewaard in:
Bibliografische gegevens
Hoofdauteur: Vũ Từ Trang
Formaat: Boek
Taal:Vietnamese
Gepubliceerd in: H. Văn hóa dân tộc 2011
Reeks:ĐTTS ghi: Hội văn nghệ dân gian Việt Nam
Tags: Voeg label toe
Geen labels, Wees de eerste die dit record labelt!
Thư viện lưu trữ: Mạng thư viện Đại học Đà Nẵng
LEADER 00675nam a2200253 4500
001 000016169
003 12563
005 20120725140715.0
008 120725s2011 viesd
041 0 |a vie 
082 |a 398.09597  |b VU-T 
100 0 |a Vũ Từ Trang 
245 0 |a Nghề cổ nước Việt  |c Vũ Từ Trang 
260 |a H.  |b Văn hóa dân tộc  |c 2011 
300 |a 286 tr.  |c 21 cm. 
490 |a ĐTTS ghi: Hội văn nghệ dân gian Việt Nam 
OWN |a LSP 
999 |a From the UDN01 
TYP |a Monograph 
TYP |a Printed language 
980 |a Mạng thư viện Đại học Đà Nẵng